[Event "III Torneo Internacional De Promoción"]
[Site "S. S. De Los Reyes (Madrid)"]
[Date "2004.04.07"]
[Round "6"]
[White "Braga, Fernando"]
[Black "San Emeterio Cabanes, Jose Luis"]
[Result "0-1"]
[WhiteElo "2443"]
[BlackElo "2360"]
[PlyCount "68"]
[EventDate "2004.04.??"]
[SourceDate "2004.04.03"]

1. d4 Nf6 2. Nf3 g6 3. g3 Bg7 4. Bg2 O-O 5. O-O d6 6. b3 c5 7. Bb2 cxd4 8. Nxd4
Nbd7 9. c4 Qa5 10. Nc3 a6 11. a3 Rb8 12. Rc1 Qh5 13. e4 Nc5 14. b4 Ne6 15. Nb3
Bd7 16. Nd5 Nxd5 17. Qxh5 gxh5 18. Bxg7 Ndf4 19. Bxf8 Ne2+ 20. Kh1 Nxc1 21.
Rxc1 Kxf8 22. c5 Ba4 23. Na5 dxc5 24. bxc5 Nxc5 25. Rxc5 b6 26. Rxh5 bxa5 27.
Bf1 Bd1 28. Rf5 e6 29. Rf6 Kg7 30. e5 Rb3 31. Kg2 Rxa3 32. Bxa6 Rc3 33. Rf4 a4
34. Rd4 Bb3 0-1

[Event "III Torneo Internacional De Promoción"]
[Site "S. S. De Los Reyes (Madrid)"]
[Date "2004.04.07"]
[Round "6"]
[White "Mascaro March, Pedro"]
[Black "Camarena Gimenez, Rufino"]
[Result "0-1"]
[WhiteElo "2309"]
[BlackElo "2348"]
[PlyCount "86"]
[EventDate "2004.04.??"]
[SourceDate "2004.04.03"]

1. d4 Nf6 2. c4 e6 3. Nc3 Bb4 4. Qc2 c5 5. dxc5 Na6 6. Nf3 Nxc5 7. a3 Bxc3+ 8.
Qxc3 O-O 9. Bf4 d5 10. e3 b6 11. Rd1 Qe7 12. cxd5 Nxd5 13. Qe5 Nxf4 14. exf4
Rd8 15. Rxd8+ Qxd8 16. Be2 Nd3+ 17. Bxd3 Qxd3 18. Qd4 Qxd4 19. Nxd4 Bb7 20. f3
Rd8 21. Nb5 Ba6 22. Nc3 Kf8 23. Nb1 Rd4 24. g3 Rd3 25. Nd2 Re3+ 26. Kd1 Be2+
27. Kc2 Bxf3 28. Rf1 Bg4 29. Rf2 Ke7 30. Nc4 Re2+ 31. Rxe2 Bxe2 32. Ne5 Bb5 33.
Kc3 f6 34. Ng4 Kd6 35. Kd4 Be2 36. Nf2 e5+ 37. fxe5+ fxe5+ 38. Ke3 Bh5 39. Ne4+
Kd5 40. Nc3+ Kc4 41. Ke4 Kb3 42. Kxe5 Kxb2 43. Kd4 Be8 0-1

[Event "III Torneo Internacional De Promoción"]
[Site "S. S. De Los Reyes (Madrid)"]
[Date "2004.04.07"]
[Round "6"]
[White "Herrera, Irisberto"]
[Black "Almagro Llanas, Pablo"]
[Result "1-0"]
[WhiteElo "2431"]
[BlackElo "2389"]
[PlyCount "83"]
[EventDate "2004.04.??"]
[SourceDate "2004.04.03"]

1. e4 c6 2. d4 d5 3. e5 Bf5 4. Nc3 e6 5. g4 Bg6 6. Nge2 c5 7. h4 h6 8. Nf4 Bh7
9. dxc5 Bxc5 10. Bd3 Bxd3 11. Nxd3 Bd4 12. Ne2 Bb6 13. c3 Nc6 14. Qa4 Qd7 15.
b3 f6 16. f4 h5 17. g5 fxe5 18. fxe5 Nge7 19. Nef4 O-O-O 20. Rh3 Kb8 21. Bd2
Nf5 22. O-O-O d4 23. c4 Ne3 24. Re1 Qf7 25. c5 Bc7 26. Bxe3 dxe3 27. Qe4 Rd4
28. Qxe3 Rhd8 29. Rf3 Qd7 30. g6 Ba5 31. Rd1 Nb4 32. a3 Na2+ 33. Kb2 Nc3 34.
Rc1 Re4 35. Qg1 Nb5 36. c6 Qc7 37. Nxe6 Qe7 38. Qc5 Re2+ 39. Ka1 Nc3 40. c7+
Bxc7 41. Rxc3 Qxc5 42. Rxc5 1-0

[Event "III Torneo Internacional De Promoción"]
[Site "S. S. De Los Reyes (Madrid)"]
[Date "2004.04.07"]
[Round "6"]
[White "Escobar Forero, Alder"]
[Black "Lopez Del Alamo, Antonio"]
[Result "1-0"]
[WhiteElo "2405"]
[BlackElo "2274"]
[PlyCount "96"]
[EventDate "2004.04.??"]
[SourceDate "2004.04.03"]

1. e4 c5 2. Nf3 e6 3. d4 cxd4 4. Nxd4 Nf6 5. Nc3 Nc6 6. Ndb5 Bc5 7. Nd6+ Ke7 8.
Nxc8+ Rxc8 9. Bd3 a6 10. f4 d6 11. Qf3 Qc7 12. Bd2 b5 13. a4 b4 14. Ne2 a5 15.
c3 Rhd8 16. Ng3 Qb6 17. Ke2 Kf8 18. Rhd1 Kg8 19. Nh5 Nxh5 20. Qxh5 g6 21. Qf3
d5 22. exd5 Rxd5 23. Be4 Rdd8 24. Be1 Ne7 25. h4 f5 26. Bd3 Nc6 27. Bc4 Kg7 28.
Rxd8 Rxd8 29. Rd1 Rxd1 30. Kxd1 bxc3 31. Bxc3+ Bd4 32. Bxe6 Nb4 33. Qe3 Nc6 34.
Bd5 Kh6 35. Bxd4 Nxd4 36. b3 Qc5 37. Bc4 Qd6 38. Qe5 Qb6 39. Qe7 Nc6 40. Qf8+
Kh5 41. Qg7 Qg1+ 42. Kd2 Qxg2+ 43. Be2+ Kxh4 44. Qxh7+ Kg3 45. Qxg6+ Kf2 46.
Qxf5 Nd4 47. Qe5 Nxb3+ 48. Kc2 Qb7 1-0

[Event "III Torneo Internacional De Promoción"]
[Site "S. S. De Los Reyes (Madrid)"]
[Date "2004.04.07"]
[Round "7"]
[White "Llanes Hurtado, Miguel"]
[Black "Braga, Fernando"]
[Result "1-0"]
[WhiteElo "2299"]
[BlackElo "2443"]
[PlyCount "49"]
[EventDate "2004.04.??"]
[SourceDate "2004.04.03"]

1. d4 d5 2. c4 e6 3. Nf3 c6 4. Qc2 Nf6 5. g3 dxc4 6. Qxc4 b5 7. Qb3 Bb7 8. Bg2
Nbd7 9. O-O Qb6 10. a4 b4 11. Ne5 Nxe5 12. dxe5 Nd7 13. Bf4 Qa5 14. Nd2 Nxe5
15. Qc2 Rc8 16. Nb3 Qc7 17. Qe4 Bd6 18. Rfd1 f6 19. Bxe5 fxe5 20. Na5 Ba8 21.
Nc4 Be7 22. Qg4 Kf7 23. Bh3 Rhd8 24. Qxe6+ Kf8 25. Nxe5 1-0

[Event "III Torneo Internacional De Promoción"]
[Site "S. S. De Los Reyes (Madrid)"]
[Date "2004.04.07"]
[Round "7"]
[White "Lopez Del Alamo, Antonio"]
[Black "Zlotnik, Boris A"]
[Result "0-1"]
[WhiteElo "2274"]
[BlackElo "2424"]
[PlyCount "90"]
[EventDate "2004.04.??"]
[SourceDate "2004.04.03"]

1. e4 e6 2. d3 c5 3. Nf3 Nc6 4. g3 Nge7 5. Bg2 g6 6. d4 cxd4 7. Nxd4 Bg7 8. Nb3
O-O 9. Nc3 d5 10. exd5 exd5 11. O-O d4 12. Ne4 h6 13. Bf4 b6 14. Re1 Be6 15. h4
a5 16. Nc1 {(=).} 16... Bd5 17. Nd3 Ra7 18. Nd2 Nb4 19. Nf3 Nxa2 20. Qd2 Kh7
21. Be5 Nc6 22. Qf4 Bxf3 23. Bxf3 Nxe5 24. Rxe5 Bxe5 25. Nxe5 Nb4 26. Ng4 h5
27. Nh2 Kg7 28. Rd1 Rd7 29. g4 Qf6 30. Qg3 Qd6 31. Qg2 hxg4 32. Nxg4 Re8 33. h5
Nxc2 34. Be4 Rde7 35. f3 d3 36. Rxd3 Qc5+ 37. Kf1 Nb4 38. h6+ Kh8 39. Rc3 Qd4
40. Ne3 f5 41. Qxg6 fxe4 42. Nf5 Qd1+ 43. Kf2 Nd3+ 44. Rxd3 exd3 45. Qf6+ Kh7
0-1

[Event "III Torneo Internacional De Promoción"]
[Site "S. S. De Los Reyes (Madrid)"]
[Date "2004.04.07"]
[Round "7"]
[White "Camarena Gimenez, Rufino"]
[Black "Herrera, Irisberto"]
[Result "1/2-1/2"]
[WhiteElo "2348"]
[BlackElo "2431"]
[PlyCount "70"]
[EventDate "2004.04.??"]
[SourceDate "2004.04.03"]

1. d4 Nf6 2. c4 g6 3. Nc3 d5 4. Bg5 Ne4 5. Bf4 Nxc3 6. bxc3 Bg7 7. e3 O-O 8.
Nf3 c5 9. cxd5 Qxd5 10. Be2 Nc6 11. O-O Re8 12. Qa4 cxd4 13. cxd4 Bd7 14. Qb5
Qxb5 15. Bxb5 a6 16. Be2 b5 17. a4 b4 18. a5 Bf5 19. Bc4 Rec8 20. Bb3 Bg4 21.
Ng5 e6 22. h3 Bf5 23. g4 Bd3 24. Rfd1 Be2 25. Rd2 Bb5 26. Bd6 Rd8 27. Bc5 h6
28. Nf3 Rac8 29. Bb6 Re8 30. Rad1 Ne7 31. Bc5 Bc6 32. Ne1 Bd5 33. Ba4 Bc6 34.
Bb3 Bd5 35. Ba4 Bc6 1/2-1/2

[Event "III Torneo Internacional De Promoción"]
[Site "S. S. De Los Reyes (Madrid)"]
[Date "2004.04.07"]
[Round "7"]
[White "San Emeterio Cabanes, Jose Luis"]
[Black "Mascaro March, Pedro"]
[Result "1-0"]
[WhiteElo "2360"]
[BlackElo "2309"]
[PlyCount "95"]
[EventDate "2004.04.??"]
[SourceDate "2004.04.03"]

1. b3 e5 2. Bb2 d6 3. e3 Nf6 4. c4 Be7 5. Nc3 O-O 6. Nf3 c6 7. Qc2 Bg4 8. Be2
Nbd7 9. d4 a6 10. O-O Qc7 11. Rac1 Rfe8 12. Rfd1 Rad8 13. dxe5 dxe5 14. Ng5
Bxe2 15. Nxe2 Bf8 16. Ng3 h6 17. Nf3 g6 18. Bc3 Ba3 19. Rb1 a5 20. Ne4 Nxe4 21.
Qxe4 Bf8 22. Qh4 Bg7 23. Qg3 Qb6 24. e4 Qc7 25. Ne1 Nc5 26. Qe3 Ne6 27. Nf3 c5
28. Qe1 b6 29. Nd2 h5 30. Nf1 Bh6 31. Ne3 Bxe3 32. fxe3 f6 33. Qg3 Kg7 34. h4
Qc6 35. Qf3 Nc7 36. g4 hxg4 37. Qxg4 Qe6 38. Qg3 Kh7 39. Kf2 Qf7 40. Qf3 Qe6
41. h5 g5 42. Qf5+ Qxf5+ 43. exf5 Kh6 44. Kf3 g4+ 45. Kxg4 Rg8+ 46. Kf3 Kxh5
47. Rh1+ Kg5 48. Ke4 1-0

[Event "III Torneo Internacional De Promoción"]
[Site "S. S. De Los Reyes (Madrid)"]
[Date "2004.04.08"]
[Round "8"]
[White "Braga, Fernando"]
[Black "Mascaro March, Pedro"]
[Result "1-0"]
[WhiteElo "2443"]
[BlackElo "2309"]
[PlyCount "63"]
[EventDate "2004.04.??"]
[SourceDate "2004.04.03"]

1. e4 c5 2. Nf3 d6 3. d4 cxd4 4. Qxd4 Bd7 5. c4 Nc6 6. Qd2 g6 7. Nc3 Bg7 8. b3
Nf6 9. Bb2 O-O 10. Be2 Qa5 11. Rb1 Bg4 12. O-O a6 13. a3 Rfc8 14. Rfe1 Rab8 15.
h3 Bxf3 16. Bxf3 b5 17. b4 Qd8 18. cxb5 axb5 19. Be2 Ne5 20. Bxb5 Nfd7 21. Qe2
Nb6 22. Nd5 e6 23. Nxb6 Rxb6 24. a4 Rcb8 25. Red1 Qh4 26. Bd4 R6b7 27. f3 f5
28. Bf2 Qg5 29. Rxd6 fxe4 30. Qxe4 Rf7 31. h4 Qh5 32. Rxe6 1-0

[Event "III Torneo Internacional De Promoción"]
[Site "S. S. De Los Reyes (Madrid)"]
[Date "2004.04.08"]
[Round "8"]
[White "Herrera, Irisberto"]
[Black "San Emeterio Cabanes, Jose Luis"]
[Result "1-0"]
[WhiteElo "2431"]
[BlackElo "2360"]
[PlyCount "155"]
[EventDate "2004.04.??"]
[SourceDate "2004.04.03"]

1. e4 c5 2. Nf3 e6 3. d4 cxd4 4. Nxd4 a6 5. Bd3 Bc5 6. Nb3 Ba7 7. O-O Nc6 8.
Qe2 Nge7 9. c4 d6 10. Be3 e5 11. Nc3 Nd4 12. Bxd4 exd4 13. Nd5 O-O 14. Rad1 Be6
15. Kh1 Nc6 16. f4 f6 17. Qh5 g6 18. Qh6 Qd7 19. f5 Bxd5 20. exd5 Ne5 21. fxg6
hxg6 22. Bxg6 Qg7 23. Qxg7+ Kxg7 24. Bf5 Nxc4 25. Nxd4 Bxd4 26. Rxd4 Ne3 27.
Rf3 Nxf5 28. Rxf5 Rae8 29. h4 Re2 30. Rg4+ Kh6 31. Rb4 b5 32. a3 Rg8 33. Rxf6+
Kh7 34. Rf7+ Kh8 35. Rbf4 Rgxg2 36. Rf8+ Kg7 37. R4f7+ Kg6 38. Rg8+ Kxf7 39.
Rxg2 Re4 40. Rh2 Kg6 41. Kg2 Kh5 42. Kf3 Rd4 43. Ke3 Rxd5 44. Ke4 Re5+ 45. Kd4
a5 46. b3 Rf5 47. Ke4 Re5+ 48. Kf4 Rd5 49. Ke4 Re5+ 50. Kd4 Rf5 51. Rh3 Kg4 52.
Rh1 Kh5 53. Rd1 Kxh4 54. Ke4 Rf2 55. Rxd6 Rb2 56. Rd3 Kg4 57. Kd4 Kf4 58. Kc5
Ke4 59. Rh3 a4 60. b4 Rb3 61. Rh4+ Ke5 62. Rh1 Rc3+ 63. Kxb5 Rxa3 64. Rd1 Ra2
65. Ka5 Ke6 66. b5 a3 67. Rd3 Ra1 68. b6 a2 69. Rd2 Rb1 70. Rxa2 Kd6 71. Ka6
Kc6 72. Rc2+ Kd7 73. b7 Ra1+ 74. Kb6 Rb1+ 75. Ka7 Ra1+ 76. Kb8 Rd1 77. Ra2 Kc6
78. Ka8 1-0

[Event "III Torneo Internacional De Promoción"]
[Site "S. S. De Los Reyes (Madrid)"]
[Date "2004.04.08"]
[Round "8"]
[White "Escobar Forero, Alder"]
[Black "Camarena Gimenez, Rufino"]
[Result "0-1"]
[WhiteElo "2405"]
[BlackElo "2348"]
[PlyCount "58"]
[EventDate "2004.04.??"]
[SourceDate "2004.04.03"]

1. e4 e6 2. d4 d5 3. Nc3 dxe4 4. Nxe4 Bd7 5. Nf3 Bc6 6. Bd3 Nd7 7. Qe2 Bxe4 8.
Bxe4 c6 9. c3 Ngf6 10. Bc2 Bd6 11. Bg5 Qc7 12. O-O-O O-O-O 13. Kb1 c5 14. Rhe1
h6 15. dxc5 Nxc5 16. Be3 Kb8 17. Bd4 Ncd7 18. c4 Bb4 19. Rf1 Ka8 20. Ne5 Nxe5
21. Bxe5 Qb6 22. Qf3 Be7 23. Qg3 Rhg8 24. Rxd8+ Qxd8 25. Bc3 Qc8 26. Bd3 Rd8
27. Qxg7 Rxd3 28. Bxf6 Qd8 29. Qh7 Bxf6 0-1

[Event "III Torneo Internacional De Promoción"]
[Site "S. S. De Los Reyes (Madrid)"]
[Date "2004.04.08"]
[Round "8"]
[White "Zlotnik, Boris A"]
[Black "Almagro Llanas, Pablo"]
[Result "1/2-1/2"]
[WhiteElo "2424"]
[BlackElo "2389"]
[PlyCount "36"]
[EventDate "2004.04.??"]
[SourceDate "2004.04.03"]

1. d4 d5 2. c4 c6 3. Nc3 Nf6 4. e3 a6 5. Nf3 Bf5 6. Bd3 Bxd3 7. Qxd3 e6 8. O-O
b5 9. b3 Bb4 10. Bd2 O-O 11. a4 bxc4 12. bxc4 Ba5 13. Rfc1 Nbd7 14. Rab1 c5 15.
cxd5 exd5 16. dxc5 Nxc5 17. Qe2 Ne6 18. Qd3 Nc5 1/2-1/2

[Event "III Torneo Internacional De Promoción"]
[Site "S. S. De Los Reyes (Madrid)"]
[Date "2004.04.08"]
[Round "8"]
[White "Llanes Hurtado, Miguel"]
[Black "Lopez Del Alamo, Antonio"]
[Result "1-0"]
[WhiteElo "2299"]
[BlackElo "2274"]
[PlyCount "125"]
[EventDate "2004.04.??"]
[SourceDate "2004.04.03"]

1. d4 Nf6 2. Nf3 g6 3. c4 Bg7 4. Nc3 O-O 5. e4 d6 6. Be2 e5 7. Be3 Na6 8. dxe5
dxe5 9. c5 Ng4 10. Qxd8 Rxd8 11. Bxa6 bxa6 12. Bg5 f6 13. Bd2 c6 14. h3 Nh6 15.
O-O-O Be6 16. Be3 Nf7 17. Rxd8+ Rxd8 18. Rd1 Rb8 19. Nd2 f5 20. f3 Bf6 21. Nb3
f4 22. Bf2 Bd8 23. h4 Bc7 24. Kc2 Kf8 25. Nd2 Ke7 26. Rb1 a5 27. a3 a6 28. Na4
h6 29. Nb6 g5 30. Ndc4 Bxb6 31. Nxb6 a4 32. hxg5 hxg5 33. Kd3 Rh8 34. g4 fxg3
35. Bxg3 Rh3 36. Rg1 Bb3 37. Ke3 Kf6 38. Kf2 Ke6 39. Re1 Rh8 40. Re2 Rd8 41.
Ke3 Rd1 42. Re1 Rd8 43. Re2 Rh8 44. Rh2 Re8 45. Be1 Rd8 46. Bc3 Rd1 47. Nc8 Rf1
48. Rf2 Rh1 49. Nd6 Nh8 50. Rg2 Rh5 51. Nf5 Kf6 52. Rd2 Nf7 53. Rd7 Rh3 54. Kf2
Be6 55. Rc7 Nd8 56. Nd6 Rh8 57. Ra7 Rh2+ 58. Kg3 Rh3+ 59. Kg2 g4 60. f4 Re3 61.
Bxe5+ Kg6 62. f5+ Kg5 63. Rg7+ 1-0

[Event "III Torneo Internacional De Promoción"]
[Site "S. S. De Los Reyes (Madrid)"]
[Date "2004.04.09"]
[Round "9"]
[White "Lopez Del Alamo, Antonio"]
[Black "Braga, Fernando"]
[Result "0-1"]
[WhiteElo "2274"]
[BlackElo "2243"]
[PlyCount "68"]
[EventDate "2004.04.??"]
[SourceDate "2004.04.03"]

1. e4 c5 2. Nf3 d6 3. d4 cxd4 4. Nxd4 Nf6 5. Nc3 g6 6. Be3 Bg7 7. f3 Nbd7 8.
Qd2 a6 9. O-O-O b5 10. Kb1 Bb7 11. g4 Nb6 12. Bh6 Bxh6 13. Qxh6 Qc7 14. Bd3
O-O-O 15. Rhe1 b4 16. Nce2 d5 17. Ng3 dxe4 18. Bxe4 Nxe4 19. Nxe4 Nc4 20. Qg5
Rd5 21. Qc1 Rhd8 22. Nb3 Rxd1 23. Rxd1 Bxe4 24. fxe4 Qe5 25. Rxd8+ Kxd8 26. Nd2
Nd6 27. Qd1 Qd4 28. Qe1 f6 29. Kc1 a5 30. Nb3 Qe5 31. Nd2 Qxh2 32. Qd1 Ke8 33.
Qe1 Qf4 34. Kb1 Qxg4 0-1

[Event "III Torneo Internacional De Promoción"]
[Site "S. S. De Los Reyes (Madrid)"]
[Date "2004.04.09"]
[Round "9"]
[White "Almagro Llanas, Pablo"]
[Black "Llanes Hurtado, Miguel"]
[Result "1/2-1/2"]
[WhiteElo "2389"]
[BlackElo "2299"]
[PlyCount "22"]
[EventDate "2004.04.??"]
[SourceDate "2004.04.03"]

1. b3 d5 2. Bb2 Bg4 3. g3 Nc6 4. Bg2 e5 5. d3 Nf6 6. Nd2 Bc5 7. c4 d4 8. Ngf3
O-O 9. O-O Re8 10. a3 a5 11. Ne1 Bf5 1/2-1/2

[Event "III Torneo Internacional De Promoción"]
[Site "S. S. De Los Reyes (Madrid)"]
[Date "2004.04.09"]
[Round "9"]
[White "Camarena Gimenez, Rufino"]
[Black "Zlotnik, Boris A"]
[Result "1/2-1/2"]
[WhiteElo "2348"]
[BlackElo "2424"]
[PlyCount "26"]
[EventDate "2004.04.??"]
[SourceDate "2004.04.03"]

1. d4 Nf6 2. c4 g6 3. Nc3 Bg7 4. e4 d6 5. Be2 O-O 6. Nf3 e5 7. dxe5 dxe5 8.
Qxd8 Rxd8 9. Bg5 Na6 10. Nxe5 Re8 11. f4 h6 12. Bxf6 Bxf6 13. O-O-O Bxe5
1/2-1/2

[Event "III Torneo Internacional De Promoción"]
[Site "S. S. De Los Reyes (Madrid)"]
[Date "2004.04.09"]
[Round "9"]
[White "San Emeterio Cabanes, Jose Luis"]
[Black "Escobar Forero, Alder"]
[Result "1/2-1/2"]
[WhiteElo "2360"]
[BlackElo "2405"]
[PlyCount "20"]
[EventDate "2004.04.??"]
[SourceDate "2004.04.03"]

1. g3 g6 2. Bg2 Bg7 3. c4 c5 4. Nc3 Nc6 5. Nf3 Nf6 6. O-O O-O 7. b3 Ne4 8. Bb2
Nxc3 9. Bxc3 Bxc3 10. dxc3 d6 1/2-1/2

[Event "III Torneo Internacional De Promoción"]
[Site "S. S. De Los Reyes (Madrid)"]
[Date "2004.04.09"]
[Round "9"]
[White "Mascaro March, Pedro"]
[Black "Herrera, Irisberto"]
[Result "1-0"]
[WhiteElo "2309"]
[BlackElo "2431"]
[PlyCount "107"]
[EventDate "2004.04.??"]
[SourceDate "2004.04.03"]

1. Nf3 c5 2. c4 Nc6 3. Nc3 e5 4. g3 g6 5. Bg2 Bg7 6. a3 a5 7. O-O d6 8. d3 Nge7
9. Ne1 Be6 10. Nd5 O-O 11. Rb1 Rb8 12. Nc2 b5 13. Nce3 b4 14. axb4 axb4 15. b3
f5 16. Nxe7+ Nxe7 17. Nd5 f4 18. e3 g5 19. gxf4 gxf4 20. exf4 Bxd5 21. cxd5
exf4 22. Be4 f3 23. Bxf3 Nf5 24. Be4 Qh4 25. Qd2 Nd4 26. f4 Rb7 27. Kh1 Kh8 28.
Qf2 Qh5 29. Be3 Nf5 30. Bc1 Rbf7 31. Bb2 Nd4 32. Bxd4 Bxd4 33. Qg3 Rg7 34. Qf3
Qh4 35. f5 Rf6 36. Qe2 Rg5 37. Rbc1 Rh6 38. Qa2 Rg8 39. Rc2 Qg3 40. Qb1 Qh3 41.
Qd1 Qh4 42. Ra2 Be5 43. Rff2 c4 44. bxc4 b3 45. Rae2 Bd4 46. Rg2 Rxg2 47. Rxg2
Qf4 48. Qb1 Rh3 49. c5 dxc5 50. d6 Rh6 51. Bd5 Bg7 52. d7 Qd6 53. Qxb3 Rf6 54.
Qb7 1-0